Estadísticas para Equipos de MLB en Inglés a Español Prueba

Haz click aquí para intentar la prueba.

Estadísticas generales

  • Esta prueba ha sido intentada 52 veces
    (22 desde el último reinicio)
  • La puntuación promedio es 7 de 8

Estadísticas de respuestas

InglésEspañol% Correcto
AthleticsLos Atléticos de Oakland
100%
RedsLos Rojos de Cincinnati
100%
TigersLos Tigres de Detroit
100%
MarinersLos Marineros de Seattle
94%
BravesLos Bravos de Atlanta
83%
CardinalsLos Cardenales de San Luis
83%
RoyalsLos Reales de Kansas City
83%
BrewersLos Cerveceros de Milwaukee
67%

Distribución de puntuación

Porcentaje por número respondido

Porcentaje de gente con cada puntuación

Historial de tus puntuaciones

No has intentado esta prueba desde el último reinicio